| 000 | 01066cam a22002895i 4500 | ||
|---|---|---|---|
| 999 |
_c28436 _d28407 |
||
| 001 | 17345321 | ||
| 003 | EG-ScBUE | ||
| 005 | 20200811140838.0 | ||
| 008 | 120613s2013 enk f b 001 0 eng d | ||
| 020 | _a9780415582858 (pbk.) | ||
| 040 |
_aDLC _beng _erda _cDLC _dDLC _dEG-ScBUE |
||
| 082 | 0 | 4 |
_a070.44 _bSPE _222 |
| 245 | 0 | 0 |
_aSpecialist journalism / _cedited by Barry Turner and Richard Orange. |
| 264 | 1 |
_aAbingdon, Oxon : _bRoutledge / Taylor & Francis, _c2013. |
|
| 300 |
_axii, 216 pages ; _c24 cm |
||
| 336 |
_atext _btxt _2rdacontent |
||
| 337 |
_aunmediated _bn _2rdamedia |
||
| 338 |
_avolume _bnc _2rdacarrier |
||
| 504 | _aIncludes bibliographical references and index. | ||
| 650 | 7 |
_aSpecialized journalism _xVocational guidance. _2BUEsh |
|
| 653 |
_bCOMAME _cJuly2020 |
||
| 655 |
_vReading book _934232 |
||
| 700 | 1 |
_aTurner, Barry, _d1954- _eeditor. |
|
| 700 | 1 |
_aOrange, Richard, _d1963- _eeditor. |
|
| 942 |
_2ddc _cBB |
||